<?xml version="1.0" encoding="UTF-8"?>
<record
    xmlns:xsi="http://www.w3.org/2001/XMLSchema-instance"
    xsi:schemaLocation="http://www.loc.gov/MARC21/slim http://www.loc.gov/standards/marcxml/schema/MARC21slim.xsd"
    xmlns="http://www.loc.gov/MARC21/slim">

  <leader>00503nam a22001817a 4500</leader>
  <controlfield tag="003">OSt</controlfield>
  <controlfield tag="005">20140310183025.0</controlfield>
  <controlfield tag="008">130215t        xxu||||| |||| 00| 0 eng d</controlfield>
  <datafield tag="050" ind1=" " ind2=" ">
    <subfield code="a">HF 5635</subfield>
    <subfield code="b">.B188 2007</subfield>
  </datafield>
  <datafield tag="100" ind1=" " ind2=" ">
    <subfield code="a">Ballada,Susan</subfield>
  </datafield>
  <datafield tag="245" ind1=" " ind2=" ">
    <subfield code="a">Accounting fundamentals :</subfield>
    <subfield code="b"> made easy /</subfield>
    <subfield code="c">Susan Ballada and Win Lu Ballada</subfield>
  </datafield>
  <datafield tag="260" ind1=" " ind2=" ">
    <subfield code="a">Sampaloc, Manila : </subfield>
    <subfield code="b">DomDane Pub., </subfield>
    <subfield code="c">2007 .</subfield>
  </datafield>
  <datafield tag="300" ind1=" " ind2=" ">
    <subfield code="a">280 p. :</subfield>
    <subfield code="c">25 cm.</subfield>
    <subfield code="b">ill. ;</subfield>
  </datafield>
  <datafield tag="521" ind1=" " ind2=" ">
    <subfield code="a">BSA</subfield>
  </datafield>
  <datafield tag="942" ind1=" " ind2=" ">
    <subfield code="2">lcc</subfield>
    <subfield code="c">BK</subfield>
    <subfield code="k">LOC</subfield>
  </datafield>
  <datafield tag="999" ind1=" " ind2=" ">
    <subfield code="c">18403</subfield>
    <subfield code="d">18403</subfield>
  </datafield>
  <datafield tag="952" ind1=" " ind2=" ">
    <subfield code="0">0</subfield>
    <subfield code="1">0</subfield>
    <subfield code="2">lcc</subfield>
    <subfield code="4">0</subfield>
    <subfield code="a">A</subfield>
    <subfield code="b">A</subfield>
    <subfield code="c">NULL</subfield>
    <subfield code="d">2013-11-25</subfield>
    <subfield code="e">DONATION</subfield>
    <subfield code="l">2</subfield>
    <subfield code="m">11</subfield>
    <subfield code="o">HF 5635 .B188 2007</subfield>
    <subfield code="p">C9598</subfield>
    <subfield code="r">2018-05-08 00:00:00</subfield>
    <subfield code="s">2017-07-14</subfield>
    <subfield code="t">1</subfield>
    <subfield code="w">2013-11-25</subfield>
    <subfield code="y">BK</subfield>
  </datafield>
  <datafield tag="952" ind1=" " ind2=" ">
    <subfield code="0">0</subfield>
    <subfield code="1">0</subfield>
    <subfield code="2">lcc</subfield>
    <subfield code="4">0</subfield>
    <subfield code="a">A</subfield>
    <subfield code="b">A</subfield>
    <subfield code="c">NULL</subfield>
    <subfield code="d">2013-11-25</subfield>
    <subfield code="e">DONATION</subfield>
    <subfield code="l">1</subfield>
    <subfield code="m">4</subfield>
    <subfield code="o">HF 5635 .B188 2007</subfield>
    <subfield code="p">C9595</subfield>
    <subfield code="r">2018-05-08 00:00:00</subfield>
    <subfield code="s">2015-01-22</subfield>
    <subfield code="t">2</subfield>
    <subfield code="w">2013-11-25</subfield>
    <subfield code="y">BK</subfield>
  </datafield>
  <datafield tag="952" ind1=" " ind2=" ">
    <subfield code="0">0</subfield>
    <subfield code="1">0</subfield>
    <subfield code="2">lcc</subfield>
    <subfield code="4">0</subfield>
    <subfield code="a">CL</subfield>
    <subfield code="b">CL</subfield>
    <subfield code="c">FIL</subfield>
    <subfield code="d">2013-11-25</subfield>
    <subfield code="e">DONATION</subfield>
    <subfield code="l">4</subfield>
    <subfield code="m">11</subfield>
    <subfield code="o">HF 5635 .B188 2007</subfield>
    <subfield code="p">C9599</subfield>
    <subfield code="r">2018-05-08 00:00:00</subfield>
    <subfield code="s">2017-07-27</subfield>
    <subfield code="t">3</subfield>
    <subfield code="w">2013-11-25</subfield>
    <subfield code="y">BK</subfield>
  </datafield>
  <datafield tag="952" ind1=" " ind2=" ">
    <subfield code="0">0</subfield>
    <subfield code="1">0</subfield>
    <subfield code="2">lcc</subfield>
    <subfield code="4">0</subfield>
    <subfield code="a">CL</subfield>
    <subfield code="b">CL</subfield>
    <subfield code="c">FIL</subfield>
    <subfield code="d">2013-11-25</subfield>
    <subfield code="e">DONATION</subfield>
    <subfield code="l">1</subfield>
    <subfield code="m">2</subfield>
    <subfield code="o">HF 5635 .B188 2007</subfield>
    <subfield code="p">C9596</subfield>
    <subfield code="r">2018-05-08 00:00:00</subfield>
    <subfield code="s">2015-01-21</subfield>
    <subfield code="t">4</subfield>
    <subfield code="w">2013-11-25</subfield>
    <subfield code="y">BK</subfield>
  </datafield>
  <datafield tag="952" ind1=" " ind2=" ">
    <subfield code="0">0</subfield>
    <subfield code="1">0</subfield>
    <subfield code="2">lcc</subfield>
    <subfield code="4">0</subfield>
    <subfield code="a">CL</subfield>
    <subfield code="b">CL</subfield>
    <subfield code="c">FIL</subfield>
    <subfield code="d">2013-11-25</subfield>
    <subfield code="e">DONATION</subfield>
    <subfield code="l">3</subfield>
    <subfield code="m">10</subfield>
    <subfield code="o">HF 5635 .B188 2007</subfield>
    <subfield code="p">C9594</subfield>
    <subfield code="r">2018-05-08 00:00:00</subfield>
    <subfield code="s">2016-07-22</subfield>
    <subfield code="t">5</subfield>
    <subfield code="w">2013-11-25</subfield>
    <subfield code="y">BK</subfield>
  </datafield>
  <datafield tag="952" ind1=" " ind2=" ">
    <subfield code="0">0</subfield>
    <subfield code="1">0</subfield>
    <subfield code="2">lcc</subfield>
    <subfield code="4">0</subfield>
    <subfield code="a">CL</subfield>
    <subfield code="b">A</subfield>
    <subfield code="c">NULL</subfield>
    <subfield code="d">2014-01-13</subfield>
    <subfield code="e">DONATION</subfield>
    <subfield code="l">3</subfield>
    <subfield code="m">3</subfield>
    <subfield code="o">HF 5635 .B188 2007</subfield>
    <subfield code="p">C9597</subfield>
    <subfield code="r">2018-05-08 00:00:00</subfield>
    <subfield code="s">2015-11-12</subfield>
    <subfield code="t">6</subfield>
    <subfield code="w">2014-01-13</subfield>
    <subfield code="y">BK</subfield>
  </datafield>
</record>
